नवजागरणकालीन पत्रकारिता और मतवाला / (Record no. 69777)
[ view plain ]
| 000 -LEADER | |
|---|---|
| fixed length control field | 03437nam a22004097a 4500 |
| 005 - DATE AND TIME OF LATEST TRANSACTION | |
| control field | 20110426154449.0 |
| 008 - FIXED-LENGTH DATA ELEMENTS--GENERAL INFORMATION | |
| fixed length control field | 090408t xxu||||| |||| 00| 0 hin d |
| 010 ## - LCCN (DPL NO) | |
| LC control number | HIN-96617-19 B-488819-821 |
| 020 ## - INTERNATIONAL STANDARD BOOK NUMBER | |
| International Standard Book Number | 9788179753903 सेट |
| Terms of availability | 2700.00 तीन भागों का |
| 020 ## - INTERNATIONAL STANDARD BOOK NUMBER | |
| International Standard Book Number | 9788179753910 V-1 |
| 020 ## - INTERNATIONAL STANDARD BOOK NUMBER | |
| International Standard Book Number | 9788179753927 V-2 |
| 020 ## - INTERNATIONAL STANDARD BOOK NUMBER | |
| International Standard Book Number | 9788179753934 V-3 |
| 035 ## - SYSTEM CONTROL NUMBER | |
| System control number | HN-68963-65 B-488819-821 |
| 037 ## - SOURCE OF ACQUISITION | |
| Source of stock number/acquisition | DBAD / PUB |
| 037 ## - SOURCE OF ACQUISITION | |
| Source of stock number/acquisition | कल्पना बुक डिस्ट्रीब्यूटर्स |
| 040 ## - CATALOGING SOURCE | |
| Original cataloging agency | DPL |
| Language of cataloging | HN |
| 082 ## - DEWEY DECIMAL CLASSIFICATION NUMBER | |
| Classification number | 808.88 |
| 100 ## - MAIN ENTRY--PERSONAL NAME | |
| 9 (RLIN) | 27482 |
| 245 ## - TITLE STATEMENT | |
| Title | नवजागरणकालीन पत्रकारिता और मतवाला / |
| Statement of responsibility, etc | कर्मेन्दु शिशिर द्वारा संपादित |
| 260 ## - PUBLICATION, DISTRIBUTION, ETC. (IMPRINT) | |
| Place of publication, distribution, etc | नई दिल्ली |
| Name of publisher, distributor, etc | अनामिका पब्लिशर्स एंड डिस्ट्रीब्यूटर्स |
| Date of publication, distribution, etc | 2012 |
| 270 ## - ADDRESS | |
| Address | 4697/3,21 ए,अंसारी रोड,दरिया गंज |
| City | नई दिल्ली |
| Postal code | 110002 |
| Telephone number | 011-23281655 |
| Fax number | 011-27868035 |
| 300 ## - PHYSICAL DESCRIPTION | |
| Extent | भा-1,356,भा-2,363,भा-3,431पृ |
| Dimensions | 22 सेमी (सजिल्द) |
| 500 ## - GENERAL NOTE | |
| General note | तीन भागों में |
| 650 ## - SUBJECT ADDED ENTRY--TOPICAL TERM | |
| 9 (RLIN) | 1169 |
| 650 ## - SUBJECT ADDED ENTRY--TOPICAL TERM | |
| 9 (RLIN) | 1170 |
| 700 ## - ADDED ENTRY--PERSONAL NAME | |
| 9 (RLIN) | 27483 |
| Personal name | कर्मेन्दु शिशिर |
| 710 ## - ADDED ENTRY--CORPORATE NAME | |
| 9 (RLIN) | 52094 |
| 942 ## - ADDED ENTRY ELEMENTS (KOHA) | |
| Institution code [OBSOLETE] | dpl |
| Item type | Hindi Books |
| Source of classification or shelving scheme | Dewey Decimal Classification |
| Call number suffix | नवजा |
| Classification part | 808.88 |
| Withdrawn status | Lost status | Source of classification or shelving scheme | Materials specified (bound volume or other part) | Damaged status | Not for loan | Collection code | Home library | Current library | Date acquired | Source of acquisition | Cost, normal purchase price | Total Checkouts | Full call number | Barcode | Date last seen | Copy number | Cost, replacement price | Koha item type |
|---|---|---|---|---|---|---|---|---|---|---|---|---|---|---|---|---|---|---|
| Dewey Decimal Classification | भाग-1 | Non-fiction | Central Library | Central Library | 07/02/2013 | कल्पना बुक डिस्ट्रीब्यूटर्स/10/28.12.12/7/28.12.12/07.01.13 | 2700.00 | 808.88 नवजा | B-488819 | 07/02/2013 | 1 | 2700.00 | Hindi Books | |||||
| Dewey Decimal Classification | भाग-2 | Non-fiction | Central Library | Central Library | 07/02/2013 | कल्पना बुक डिस्ट्रीब्यूटर्स/10/28.12.12/7/28.12.12/07.01.13 | 2700.00 | 1 | 808.88 नवजा | B-488820 | 11/05/2017 | 1 | Hindi Books | |||||
| Dewey Decimal Classification | भाग-3 | Non-fiction | Central Library | Central Library | 07/02/2013 | कल्पना बुक डिस्ट्रीब्यूटर्स/10/28.12.12/7/28.12.12/07.01.13 | 2700.00 | 808.88 नवजा | B-488821 | 07/02/2013 | 1 | Hindi Books | ||||||
| Dewey Decimal Classification | V-1 | Not For Loan | Non-fiction | D.B.Act.Division | D.B.Act.Division | 06/09/2012 | DBAB/PUB | 2700.00 | 808.88 नवजा | HN-68963 | 06/09/2012 | 1 | 2700.00 | Hindi Books | ||||
| Dewey Decimal Classification | V-2 | Not For Loan | Non-fiction | D.B.Act.Division | D.B.Act.Division | 06/09/2012 | DBAB/PUB | 2700.00 | 808.88 नवजा | HN-68964 | 06/09/2012 | 1 | 2700.00 | Hindi Books | ||||
| Dewey Decimal Classification | V-3 | Not For Loan | Non-fiction | D.B.Act.Division | D.B.Act.Division | 06/09/2012 | DBAB/PUB | 2700.00 | 808.88 नवजा | HN-68965 | 06/09/2012 | 1 | 2700.00 | Hindi Books |
